LEADER 01131nam a2200265 i 4500 001 000000227613 003 CaOOAMICUS 005 20140303000000.0 008 140303s2013 it u000 u ita u 013 $a206515 020 $a978-88-307-2121-0 040 $aSeMil$bita 100 1 $aValente, Gianni.$0(OLS)http://semarc/name/65303 245 10$aFrancesco, un papa dalla fine del mondo :$bla persona, le idee, lo stile /$cGianni Valente. 260 $aBologna :$bEMI,$c2013. 300 $a63 p. ;$c19 cm. 490 0 $aVita di missione. Compact ;$v2 600 04$aFrancesco I .$0(OLS)http://semarc/subject/15916 830 0$aVita di missione. Compact ;$v2.$0(OLS)http://semarc/title/33010 850 $aSeMil 852 $aSeMil$W1$xVenegono$y1$m3A I 82$j177959$B177959$CSeMilBibl$Z2$F189455 $81 961 $aOmaggio: Castiglioni don Tommaso 996 $6020$a978-88-307-2121-0$9(OLS)http://semarc/number/229310 996 $6245$aFrancesco, un papa dalla fine del mondo :$bla persona, le idee, lo stile$9(OLS)http://semarc/title/325734 996 $6260$aBologna :$bEMI$9(OLS)http://semarc/publisher/29618 LEADER 01057nas a2200229 i 4500 001 000000197598 003 CaOOAMICUS 005 20240925130520.0 008 110216s1871 it ar u0 0ita r 040 $aSeMil$bita 100 1 $aMantegazza, Paolo,$d<1831-1910>.$0(OLS)http://semarc/name/1709 245 10$aIgiene del movimento /$cPaolo Mantegazza. 264 1$aMilano :$bPresso Gaetano Brigola,$c1871. 300 $a148 p. :$bill. ;$c15 cm. 500 $aRilegato con altri opuscoli del Sec. 19. in : 5A-I-24 FA [Miscellanea : 24]. 773 0 $aMantegazza, Paolo <1831-1910>$tAlmanacco igienico popolare.$dMilano : Gaetano Brigola, 1866-1905.$w()24312 850 $aSeMil 852 $aSeMil$W1$xVenegono$y1$m5A I 24/3 FA$j148154$B148154$CSeMilBibl$Z2$F159582 $8I 961 $aRilegato con altri opuscoli del Sec. 19. in : 5A-I-24 FA [Miscellanea : 24] 996 $6245$aIgiene del movimento$9(OLS)http://semarc/title/285334 996 $6264$aMilano :$bPresso Gaetano Brigola$9(OLS)http://semarc/publisher/51025